Svätá Rita

Bibliographic Details
Corporate Author: Sestry sv. Rity z Kassie (Author)
Format: Book
Language:Slovak
PhysicalDescription:31 s. fareb. fotogr. 16 cm
Published: [Bratislava] Oto Németh 2003
ISBN:8088949645
Edition:3. vyd.
Subjects:

MARC

LEADER 00000nam a2200000 a 4500
001 vtls001465447
003 SK-MaSNL
005 20260302002530.0
008 251031s2003 xo a 0 slo
015 |a SNBA2004/01-00382 
020 |a 8088949645 
035 |a SNK000420752 
040 |a SNK  |b slo  |c SNK  |e AACR2 
041 0 |a slo 
044 |a xo  |c SK 
072 7 |a 929  |2 konspekt 
080 |a 27-36  |2 2. slo 
080 |a Rita z Kassie, sv.  |2 2. slo 
080 |a 27-36-055.2  |2 1981 
080 |a (092)  |2 1981 
080 |a 929  |2 1981 
110 0 |a Sestry sv. Rity z Kassie  |4 aut  |9 595521 
130 1 0 |a S. Rita Nuovo profilo storico.  |l Slovensky  |9 529848 
245 1 |a Svätá Rita  |c Sestry sv. Rity z Kassie ; [preklad z taliančiny: Mária Beláková] 
250 |a 3. vyd. 
260 |a [Bratislava]  |b Oto Németh  |c 2003 
300 |a 31 s.  |b fareb. fotogr.  |c 16 cm 
500 |a Miesto vyd. podla ISBN 
600 0 7 |a Rita z Kassie,  |c svätá,  |d asi 1381-1457  |2 SNKMA  |9 167431 
650 0 7 |a svätice  |2 SNK  |9 75500 
655 7 |a biografie  |2 SNK  |9 27965 
730 |t S. Rita Nuovo profilo storico  |9 529849 
919 |a 80-88949-64-5 
958 |a BC 
958 |a NS 
958 |a OP 
958 |a NT 
968 |d 2 
999 |c 988485  |d 990415 
952 |t P60, <03>, [BOOK], {603}  |a SNK  |b SNK  |y PREZ  |7 0  |p 17A0408059  |o snkSD 73434  |i snkKSP 16060/2003  |0 0  |1 0  |4 0  |d 2003-12-17  |l 0  |r 2025-11-20 00:00:00  |w 2026-02-24 
952 |t P60, <04>, [BOOK], {604}  |a SNK  |b SNK  |y VYP  |7 0  |p 17A0408060  |o snkSD 73434 D1  |i snkKSP 16061/2003  |0 0  |1 0  |4 0  |d 2003-12-17  |l 0  |r 2005-01-02 00:00:00  |w 2026-02-24